000 00775nam a2200217Ia 4500
003 GCL
008 140319s9999 xx 000 0 ara d
040 _aGCL /
_cGCL
082 0 4 _a301.07
_bم ب
100 1 _aمحمد احمد بيومى
245 1 0 _aالبحث العلمى الاجتماعى: تصميم خطته وتنفيذها /
_cمحمد احمد بيومى
700 1 _aمحمد عاطف غيث
700 1 _aسامية محمد جابر
700 1 _aعلى عبدالرازق جلبى
260 _aالقاهرة :
_bدار المعرفة الجامعية ،
_c1997
300 _a614 ص ؛
_c24 سم
650 0 4 _aالبحث
650 0 4 _aالبحوث الاجتماعية
650 0 4 _aعلم الاجتماع - طرق البحث
942 _2ddc
_cBK
999 _c49235
_d49235